Basic homological algebra /

Guardado en:
Autor Principal: Osborne, M. Scott.
Formato: Libro
Idioma:English
Publicado: New York : Springer, 2000.
Series:Graduate texts in mathematics ; 196
Materias:
Etiquetas: Agregar Etiqueta
Sin Etiquetas, Sea el primero en etiquetar este registro!
LEADER 00711cam a22002174a 4500
001 MAT.inmabb004005
008 990825s2000####nyua#####b####001#0#eng##
005 20130301145529.0
245 1 0 |a Basic homological algebra /  |c M. Scott Osborne. 
260 |a New York :  |b Springer,  |c 2000. 
300 |a x 395 p. :  |b il. ;  |c 25 cm. 
440 0 |a Graduate texts in mathematics ;  |v 196 
504 |a Incluye referencias bibliográficas (p. [383]-387) e índice. 
510 4 |a MR,  |c 2001d:18013 
020 |a 038798934X 
100 1 |a Osborne, M. Scott. 
650 0 |a Algebra, Homological. 
084 |a 18Gxx (16D40 16E30 18-02)  |2 msc2000 
010 |a  99046582  
040 |a DLC  |c DLC  |d DLC 
859 |h 18  |i Os81  |p A-8368  |b BIB. MATEMATICA